India's Global Footprint : (Record no. 209140)
[ view plain ]
| 000 -LEADER | |
|---|---|
| fixed length control field | 01102nam a22002417a 4500 |
| 005 - DATE AND TIME OF LATEST TRANSACTION | |
| control field | 20250904154613.0 |
| 010 ## - LCCN (DPL NO) | |
| LC control number | B-772835-843 ENG-146761 BACEN25 |
| 020 ## - INTERNATIONAL STANDARD BOOK NUMBER | |
| International Standard Book Number | 9788197765544 |
| Terms of availability | 880.00 |
| 035 ## - SYSTEM CONTROL NUMBER | |
| System control number | B-772835-843 |
| 035 ## - SYSTEM CONTROL NUMBER | |
| System control number | EN-130293 |
| 037 ## - SOURCE OF ACQUISITION | |
| Source of stock number/acquisition | Bharti Publication |
| 037 ## - SOURCE OF ACQUISITION | |
| Source of stock number/acquisition | DBAD |
| Stock number | DPL |
| 082 ## - DEWEY DECIMAL CLASSIFICATION NUMBER | |
| Classification number | 320.95 |
| 100 ## - MAIN ENTRY--PERSONAL NAME | |
| Personal name | Aman Bora |
| 245 ## - TITLE STATEMENT | |
| Title | India's Global Footprint : |
| Remainder of title | Strategies and challlenges in foreign policy/ |
| Statement of responsibility, etc | By Aman Bora, Ajay Kumar and Devidas Vijay Bhosale |
| 260 ## - PUBLICATION, DISTRIBUTION, ETC. (IMPRINT) | |
| Place of publication, distribution, etc | New Delhi |
| Name of publisher, distributor, etc | Bharti Publications |
| Date of publication, distribution, etc | 2024 |
| 270 ## - ADDRESS | |
| City | New Delhi |
| Address | 4819/24 2nd Floor, Mathur Lane Ansari Road, Darya Ganj, |
| Postal code | 110002 |
| Telephone number | 011-46172797, 23247537, 9899897381 |
| Electronic mail address | bhartipublications@gmail,com |
| 300 ## - PHYSICAL DESCRIPTION | |
| Extent | 242p |
| Dimensions | 22cm;(hbk) |
| 700 ## - ADDED ENTRY--PERSONAL NAME | |
| Personal name | Ajay kumar |
| 9 (RLIN) | 77688 |
| 700 ## - ADDED ENTRY--PERSONAL NAME | |
| Personal name | Bhosale, Devidas Vijay |
| 9 (RLIN) | 77689 |
| 942 ## - ADDED ENTRY ELEMENTS (KOHA) | |
| Source of classification or shelving scheme | Dewey Decimal Classification |
| Item type | English Books |
| Classification part | 320.95 |
| Call number suffix | BOR |
| Withdrawn status | Lost status | Not for loan | Collection code | Home library | Current library | Date acquired | Source of acquisition | Cost, normal purchase price | Full call number | Barcode | Copy number | Cost, replacement price | Koha item type |
|---|---|---|---|---|---|---|---|---|---|---|---|---|---|
| Non-fiction | Ashok Vihar | Ashok Vihar | 22/08/2025 | Bharti Publication/BP/2052/25.3.25/10/15.3.25/27.3.25 | 880.00 | 320.95 BOR | B-772836 | 1 | 880.00 | English Books | |||
| Non-fiction | Bawana | Bawana | 22/08/2025 | Bharti Publication/BP/2052/25.3.25/10/15.3.25/27.3.25 | 880.00 | 320.95 BOR | B-772842 | 1 | 880.00 | English Books | |||
| Non-fiction | Central Library | Central Library | 22/08/2025 | Bharti Publication/BP/2052/25.3.25/10/15.3.25/27.3.25 | 880.00 | 320.95 BOR | B-772835 | 1 | 880.00 | English Books | |||
| Non-fiction | Janak Puri | Janak Puri | 22/08/2025 | Bharti Publication/BP/2052/25.3.25/10/15.3.25/27.3.25 | 880.00 | 320.95 BOR | B-772838 | 1 | 880.00 | English Books | |||
| Non-fiction | Mobile Library | Mobile Library | 04/09/2025 | Delivery of Books Act Division | 880.00 | 320.95 BOR | EN-130293 | 1 | 880.00 | English Books | |||
| Non-fiction | Narela | Narela | 22/08/2025 | Bharti Publication/BP/2052/25.3.25/10/15.3.25/27.3.25 | 880.00 | 320.95 BOR | B-772841 | 1 | 880.00 | English Books | |||
| Non-fiction | Patel Nagar | Patel Nagar | 22/08/2025 | Bharti Publication/BP/2052/25.3.25/10/15.3.25/27.3.25 | 880.00 | 320.95 BOR | B-772837 | 1 | 880.00 | English Books | |||
| Non-fiction | Sarojini Nagar | Sarojini Nagar | 22/08/2025 | Bharti Publication/BP/2052/25.3.25/10/15.3.25/27.3.25 | 880.00 | 320.95 BOR | B-772839 | 1 | 880.00 | English Books | |||
| Non-fiction | Shahdara Branch | Shahdara Branch | 22/08/2025 | Bharti Publication/BP/2052/25.3.25/10/15.3.25/27.3.25 | 880.00 | 320.95 BOR | B-772843 | 1 | 880.00 | English Books | |||
| Non-fiction | Vinoba Puri | Vinoba Puri | 22/08/2025 | Bharti Publication/BP/2052/25.3.25/10/15.3.25/27.3.25 | 880.00 | 320.95 BOR | B-772840 | 1 | 880.00 | English Books |
